000 00288 a2200133 4500
001 60983
020 _a3928503068
040 _cAnchieta - Pituba
240 1 0 _aColonia
_lpor
245 1 0 _aColonia
300 _a64
650 4 _aTratamento histórico e geográfico de pessoas
942 _cBK
999 _c60983
_d60983